• 首页
  • 本馆介绍
  • 公告通知
  • 最新文献
  • 馆藏检索
  • 电子资源
  • 读者导购
  • 参考咨询
  • 我的图书馆
  • 登录
  • 详细信息显示
  • 放入我的书架
  • 预约/预借图书
  • 作者相关作品
  • 分类相关作品
  • 丛书相关作品
  • 出版社相关作品

书目信息

  • 表格格式
  • 工作单格式
  • 卡片格式
题名:
纯电动汽车IGBT可靠性及健康管理研究
    
 
作者: 吴华伟 , 叶从进 , 张远胜 著
分册:  
出版信息: 北京   中国水利水电出版社  2019
页数: 159页
开本: 24cm
丛书名:
单 册:
中图分类: TN386.2
科图分类:
主题词: 绝缘栅场效应晶体管--jue yuan zha chang xiao ying jing ti guan--可靠性试验--研究
电子资源:
ISBN: 978-7-5170-7166-2
000 01551nam0 2200301 450
001 012001001147
005 20131107143531.0
010    @a978-7-5170-7166-2@dCNY49.00
099    @aCAL 012019035222
100    @a20190115d2019 em y0chiy50 ea
101 0  @achi
102    @aCN@b110000
105    @aak a 000yy
106    @ar
200 1  @a纯电动汽车IGBT可靠性及健康管理研究@Achun dian dong qi che IGBTke kao xing ji jian kang guan li yan jiu@f吴华伟, 叶从进, 张远进著
210    @a北京@c中国水利水电出版社@d2019
215    @a159页@c图@d24cm
312    @a英文并列题名取自封面
320    @a有书目 (第147-159页)
330    @a本书针对绝缘栅双极晶体管 (简称IGBT) 寿命分布与可靠性分析问题, 提出了一种基于双应力加速寿命试验和K-S检验的IGBT模块寿命分布研究方法。该方法首先对IGBT模块寿命做对数正态分布假设, 然后利用Kolmogorov-Smirnov检验法对一组双应力恒定应力IGBT加速寿命试验数据进行Weibull、对数正态等分布检验, 进而利用加速寿命测试数据分析软件 (ALTA) 对IGBT加速寿命数据进行仿真分析, 结果表明, ALTA加速寿命仿真下的IGBT模块寿命仍服从对数正态分布, 进一步验证了所提假设的正确性。该方法对IGBT的寿命分布及可靠性分析具有一定的指导意义。
510 1  @aResearch on reliability and health management of IGBT for pure electric vehicle@zeng
606 0  @a绝缘栅场效应晶体管@Ajue yuan zha chang xiao ying jing ti guan@x可靠性试验@x研究
690    @aTN386.2@v4
701  0 @a吴华伟@Awu hua wei@4著
701  0 @a叶从进@Aye cong jin@4著
701  0 @a张远胜@Azhang yuan sheng@4著
801  0 @aCN@b北京卓展文化@c20191020
905    @b1197623-6@dTN386.2@e18@f4
    
    纯电动汽车IGBT可靠性及健康管理研究/吴华伟, 叶从进, 张远进著.-北京:中国水利水电出版社,2019
    159页:图;24cm
    
    
    ISBN 978-7-5170-7166-2:CNY49.00
    本书针对绝缘栅双极晶体管 (简称IGBT) 寿命分布与可靠性分析问题, 提出了一种基于双应力加速寿命试验和K-S检验的IGBT模块寿命分布研究方法。该方法首先对IGBT模块寿命做对数正态分布假设, 然后利用Kolmogorov-Smirnov检验法对一组双应力恒定应力IGBT加速寿命试验数据进行Weibull、对数正态等分布检验, 进而利用加速寿命测试数据分析软件 (ALTA) 对IGBT加速寿命数据进行仿真分析, 结果表明, ALTA加速寿命仿真下的IGBT模块寿命仍服从对数正态分布, 进一步验证了所提假设的正确性。该方法对IGBT的寿命分布及可靠性分析具有一定的指导意义。
●
相关链接 在E读中查询图书 在五车中查询图书 在当当中查询图书 在豆瓣中查询图书


正题名:纯电动汽车IGBT可靠性及健康管理研究     索取号:TN386.2/18         预约/预借

序号 登录号 条形码 馆藏地/架位号 状态 备注
1 1197623   211976236   第二样本阅览室/ [索取号:TN386.2/18] 在馆    
2 1197624   211976245   第三借阅区/ [索取号:TN386.2/18] 在馆    
3 1197625   211976254   第三借阅区/ [索取号:TN386.2/18] 在馆    
4 1197626   211976263   第三借阅区/ [索取号:TN386.2/18] 在馆    
唐山师范学院图书馆 欢迎您!
大连网信软件有限公司© 版权所有